Statystyki dla Mistrzowie Polski 2016/17

Kliknij tutaj aby rozwiązać quiz!

Ogólne statystyki

  • Ten quiz został rozwiązany 25 razy
  • Średni wynik to 17 z 37

Statystyki odpowiedzi

HintOdpowiedź% Poprawnych
Bramkarz1Arkadiusz Malarz
96%
Obrońcy55Artur Jędrzejczyk
92%
NapastnicyNemanja Nikolić
83%
Bramkarz33Radosław Cierzniak
79%
NapastnicyAleksandar Prijović
71%
TrenerJacek Magiera
71%
Obrońcy25Jakub Rzeźniczak
71%
Pomocnicy75Thibault Moulin
71%
Obrońcy2Michał Pazdan
67%
Obrońcy14Adam Hlousek
63%
Napastnicy32Miroslav Radović
63%
Pomocnicy15Michał Kopczyński
58%
Napastnicy18Michał Kucharczyk
58%
Obrońcy4Jakub Czerwiński
54%
Obrońcy28Łukasz Broź
54%
Napastnicy53Sebastian Szymański
54%
Obrońcy5Maciej Dąbrowski
50%
TrenerBesnik Hasi
46%
ObrońcyMateusz Wieteska
46%
Pomocnicy3Tomasz Jodłowiec
46%
ObrońcyBartosz Bereszyński
42%
Pomocnicy8Vadis Odjidja Ofoe
42%
NapastnicyTomas Necid
38%
Napastnicy6Guilherme
33%
Pomocnicy22Kasper Hamalainen
33%
NapastnicyJakub Kosecki
25%
NapastnicyJarosław Niezgoda
25%
ObrońcyTomasz Brzyski
25%
ObrońcyIgor Lewczuk
21%
PomocnicyOndrej Duda
21%
NapastnicySteeven Langil
21%
NapastnicyDaniel Chima Chukwu
17%
Napastnicy21Dominik Nagy
17%
PomocnicyStojan Vranjes
13%
ObrońcyMichaił Aleksandrov
8%
NapastnicyKonrad Michalak
4%
NapastnicyValeri Qazaiszwili
4%

Rozkład punktacji

Percentyl według liczby udzielonych odpowiedzi

Procent ludzi z każdym wynikiem

Twoja historia wyników

Nie rozwiązałeś tego quizu